000 00498nam a2200157 i 4500
001 23911
003 ES-MaACL
005 20230906152945.0
007 t|
008 021213s1946 fr ||||1| fre d
100 1 _aAnouilh, Jean.
_921817
245 1 0 _aNouvelles pièces noires
_b: Jézabel ; Antigone ; Roméo et Jeannette ; Médée /
_cJean Anouilh.
260 _aParís :
_bLa Table Ronde,
_c[1946] (
_fMayenne-Floch)
300 _a403 p. ;
_c19 cm.
852 _aES-MaACL
_jD-4688
_q.- Sin portada
999 _c23911
_d23911